000 00473nam a2200205Ia 4500
005 20250425162011.0
008 250425s9999 xx 000 0 und d
041 _aspa
082 _a346
100 _aDAVILA TORRES, CESAR
245 0 _aENSAYOS SOBRE DERECHO MERCANTIL
250 _a1A ED.
260 _aEcuador
_bUNIVERSITARIA
_c1980
260 _aS.L.
300 _a195
650 _aCOMERCIO
650 _aDERECHO MERCANTIL
942 _c01
010 _a39499
999 _c220404
_d220404